Exploración en tierras bíblicas: los antiguos reinos de la bíblica ruta del incienso en Arabia

Saved in:
書目詳細資料
主要作者: Phillips, Wendell (Author)
格式: 圖書
語言:西班牙语
出版: Santiago Zig-Zag 1958
主題:
標簽: 添加標簽
沒有標簽, 成為第一個標記此記錄!

MARC

LEADER 00000nam a2200000 a 4500
001 UCI5826
003 CL-VaPUC
008 080411e19580000CL |||||||||||||||||spa|d
082 0 4 |a 939.4  |b PHI  |2 21 
100 0 |a Phillips, Wendell  |e author  |9 376309 
245 1 0 |a Exploración en tierras bíblicas: los antiguos reinos de la bíblica ruta del incienso en Arabia 
300 |a 354 p 
942 |c BK 
945 |d 20080411 00:00:00  |a rbrito 
260 |a Santiago  |b Zig-Zag  |c 1958 
600 0 7 |a BIBLIA  |2 CL-VaPUC  |9 399806 
650 7 |a TIERRAS BIBLICAS  |2 CL-VaPUC  |9 474047 
650 0 |a Historia antigua  |9 267521 
650 7 |a HISTORIA DE ARABIA  |2 CL-VaPUC  |9 445232 
651 7 |a ARABIA  |2 CL-VaPUC  |9 334867 
583 |a last modification  |c 20080411 00:00:00  |k Rodrigo Vera 
999 |c 329510  |d 329508 
952 |0 0  |1 0  |4 0  |6 939_400000000000000_PHI_1958  |7 0  |8 A  |9 414294  |a BIBTEO  |b BIBTEO  |d 2019-11-22  |i 4425677  |o 939.4 PHI 1958  |p 4425677  |r 2025-01-17  |w 2019-11-22  |y BK  |k ICR